• 首页
  • 本馆介绍
  • 公告通知
  • 最新文献
  • 馆藏检索
  • 电子资源
  • 读者导购
  • 参考咨询
  • 我的图书馆
  • 登录
  • 详细信息显示
  • 放入我的书架
  • 预约/预借图书
  • 作者相关作品
  • 分类相关作品
  • 丛书相关作品
  • 出版社相关作品

书目信息

  • 表格格式
  • 工作单格式
  • 卡片格式
题名:
高效工作
    
 
作者: 布朗宁 著 ;卜煜婷 译
分册:  
出版信息: 北京   电子工业出版社  2019
页数: 16,196页
开本: 24cm
丛书名:
单 册:
中图分类: C936-49 , C936
科图分类:
主题词: 组织管理学--通俗读物
电子资源:
ISBN: 978-7-121-37128-8
000 01103nam0 2200253 450
001 2258151086
005 20220928160928.78
010    @a978-7-121-37128-8@dCNY78.00
100    @a20200408d2019 em y0chiy50 ea
101 1  @achi@ceng
102    @aCN@b110000
105    @aa z 000yy
200 1  @a高效工作@9gao xiao gong zuo@e培养积极向上的企业文化@dWork that works@eemergineering a positive organizational culture@f(美)盖尔·布朗宁(Geil Browning)著@g卜煜婷译@zeng
210    @a北京@c电子工业出版社@d2019
215    @a16,196页@c彩图@d24cm
330    @a本书围绕“培养积极的组织文化”展开,以“帮助指导组织的各个层面创造积极和富有成效的工作环境”为目的,基于Emergenetics的工具和原则,通过自我发现和共享的启发过程帮助读者改善沟通及表现,了解自身的思维和行为偏好。
510 1  @aWork that works@eemergineering a positive organizational culture@zeng
606 0  @a组织管理学@j通俗读物
690    @aC936-49@v5
690    @aC936@v4
701  0 @c(美)@a布朗宁@9bu lang ning@c(女,Browning, Geil)@4著
702  0 @a卜煜婷@9bu yu ting@c(女)@4译
801  0 @aCN@b91MARC@c20200408
905    @aZUCC@dC936@e44
    
    高效工作:培养积极向上的企业文化=Work that works:emergineering a positive organizational culture/(美)盖尔·布朗宁(Geil Browning)著/卜煜婷译.-北京:电子工业出版社,2019
    16,196页:彩图;24cm
    
    
    ISBN 978-7-121-37128-8:CNY78.00
    本书围绕“培养积极的组织文化”展开,以“帮助指导组织的各个层面创造积极和富有成效的工作环境”为目的,基于Emergenetics的工具和原则,通过自我发现和共享的启发过程帮助读者改善沟通及表现,了解自身的思维和行为偏好。
●
相关链接 在五车中查询图书 在当当中查询图书 在豆瓣中查询图书


正题名:高效工作     索取号:C936/44         预约/预借

序号 登录号 条形码 馆藏地/架位号 状态 备注
1 2000904847   2000904847   第三书库/ [索取号:C936/44] 在馆    
2 2000904848   2000904848   第三书库/ [索取号:C936/44] 在馆    
3 2000904849   2000904849   第三书库/ [索取号:C936/44] 在馆    
山东省滨州职业学院图书馆 欢迎您!
大连网信软件有限公司© 版权所有